<?xml version="1.0" encoding="UTF-8"?>
<record
    xmlns:xsi="http://www.w3.org/2001/XMLSchema-instance"
    xsi:schemaLocation="http://www.loc.gov/MARC21/slim http://www.loc.gov/standards/marcxml/schema/MARC21slim.xsd"
    xmlns="http://www.loc.gov/MARC21/slim">

  <leader>00933nam a22001577a 4500</leader>
  <controlfield tag="003">OSt</controlfield>
  <controlfield tag="005">20151113104532.0</controlfield>
  <controlfield tag="008">151113b        xxu||||| |||| 00| 0 eng d</controlfield>
  <datafield tag="040" ind1=" " ind2=" ">
    <subfield code="c">RUA</subfield>
  </datafield>
  <datafield tag="082" ind1=" " ind2=" ">
    <subfield code="a">FOR MAO 2007 B133 Or.1</subfield>
  </datafield>
  <datafield tag="100" ind1=" " ind2=" ">
    <subfield code="9">3640</subfield>
    <subfield code="a">MAO, SEREYRITHY.</subfield>
  </datafield>
  <datafield tag="245" ind1=" " ind2=" ">
    <subfield code="a">Fauna inventory in school forest of royal university of agriculture and mother tree area of ctsp in sandan district, kampong thom province (&#x1780;&#x17B6;&#x179A;&#x1792;&#x17D2;&#x179C;&#x17BE;&#x179F;&#x17B6;&#x179A;&#x1796;&#x17BE;&#x1797;&#x178E;&#x17D2;&#x178C;&#x17D0;&#x179F;&#x178F;&#x17D2;&#x179C;&#x1796;&#x17D2;&#x179A;&#x17C3;&#x1793;&#x17C5;&#x1780;&#x17D2;&#x1793;&#x17BB;&#x1784;&#x178F;&#x17C6;&#x1794;&#x1793;&#x17CB;&#x179F;&#x17B6;&#x179B;&#x17B6;&#x1796;&#x17D2;&#x179A;&#x17C3;&#x1788;&#x17BE;&#x179A;&#x1794;&#x179F;&#x17CB;&#x179F;&#x17B6;&#x1780;&#x179B;&#x179C;&#x17B7;&#x1791;&#x17D2;&#x1799;&#x17B6;&#x179B;&#x17D0;&#x1799;&#x1797;&#x17BC;&#x1798;&#x17B7;&#x1793;&#x17D2;&#x1791;&#x1780;&#x179F;&#x17B7;&#x1780;&#x1798;&#x17D2;&#x1798;&#x1793;&#x17B7;&#x1784;&#x178F;&#x17C6;&#x1794;&#x1793;&#x17CB;&#x1785;&#x17C6;&#x1780;&#x17B6;&#x179A;&#x1782;&#x17D2;&#x179A;&#x17B6;&#x1794;&#x17BE;&#x1796;&#x17BC;&#x1787;&#x1788;&#x17BE;&#x179A;&#x1794;&#x179F;&#x17CB;&#x1782;&#x17C6;&#x179A;&#x17C4;&#x1784;CTSP&#x1780;&#x17D2;&#x1793;&#x17BB;&#x1784;&#x179F;&#x17D2;&#x179A;&#x17BB;&#x1780;&#x179F;&#x178E;&#x17D2;&#x178A;&#x17B6;&#x1793;&#x17CB;&#x1781;&#x17C1;&#x178F;&#x17D2;&#x178F;&#x1780;&#x17C6;&#x1796;&#x1784;&#x17CB;&#x1792;&#x17C6;)</subfield>
  </datafield>
  <datafield tag="260" ind1=" " ind2=" ">
    <subfield code="a">Phnom Penh</subfield>
    <subfield code="b">RUA</subfield>
    <subfield code="c">2007</subfield>
  </datafield>
  <datafield tag="300" ind1=" " ind2=" ">
    <subfield code="a">xii, 60p.</subfield>
    <subfield code="b">ill.</subfield>
    <subfield code="c">29cm.</subfield>
  </datafield>
  <datafield tag="942" ind1=" " ind2=" ">
    <subfield code="2">ddc</subfield>
    <subfield code="c">FOR</subfield>
  </datafield>
  <datafield tag="999" ind1=" " ind2=" ">
    <subfield code="c">3389</subfield>
    <subfield code="d">3389</subfield>
  </datafield>
  <datafield tag="952" ind1=" " ind2=" ">
    <subfield code="0">0</subfield>
    <subfield code="1">0</subfield>
    <subfield code="2">ddc</subfield>
    <subfield code="4">0</subfield>
    <subfield code="6">FOR_MAO_2007_000000000000000_B133_OR_1</subfield>
    <subfield code="7">0</subfield>
    <subfield code="9">15996</subfield>
    <subfield code="a">LBB</subfield>
    <subfield code="b">LBB</subfield>
    <subfield code="c">B133</subfield>
    <subfield code="d">2015-11-13</subfield>
    <subfield code="l">1</subfield>
    <subfield code="o">FOR MAO 2007 B133 Or.1</subfield>
    <subfield code="p">RUA41673</subfield>
    <subfield code="q">2026-04-29</subfield>
    <subfield code="r">2026-03-25</subfield>
    <subfield code="s">2026-03-25</subfield>
    <subfield code="w">2015-11-13</subfield>
    <subfield code="y">FOR</subfield>
  </datafield>
  <datafield tag="952" ind1=" " ind2=" ">
    <subfield code="0">0</subfield>
    <subfield code="1">0</subfield>
    <subfield code="2">ddc</subfield>
    <subfield code="4">0</subfield>
    <subfield code="6">FOR_MAO_2007_000000000000000_B133_OR_2</subfield>
    <subfield code="7">0</subfield>
    <subfield code="9">15997</subfield>
    <subfield code="a">LBB</subfield>
    <subfield code="b">LBB</subfield>
    <subfield code="c">B133</subfield>
    <subfield code="d">2015-11-13</subfield>
    <subfield code="o">FOR MAO 2007 B133 Or.2</subfield>
    <subfield code="p">RUA41939</subfield>
    <subfield code="r">2015-11-13</subfield>
    <subfield code="w">2015-11-13</subfield>
    <subfield code="y">FOR</subfield>
  </datafield>
  <datafield tag="952" ind1=" " ind2=" ">
    <subfield code="0">0</subfield>
    <subfield code="1">0</subfield>
    <subfield code="2">ddc</subfield>
    <subfield code="4">0</subfield>
    <subfield code="6">FOR_MAO_2007_000000000000000_B133_OR_3</subfield>
    <subfield code="7">0</subfield>
    <subfield code="9">15998</subfield>
    <subfield code="a">LBB</subfield>
    <subfield code="b">LBB</subfield>
    <subfield code="c">B133</subfield>
    <subfield code="d">2015-11-13</subfield>
    <subfield code="o">FOR MAO 2007 B133 Or.3</subfield>
    <subfield code="p">RUA41999</subfield>
    <subfield code="r">2015-11-13</subfield>
    <subfield code="w">2015-11-13</subfield>
    <subfield code="y">FOR</subfield>
  </datafield>
  <datafield tag="952" ind1=" " ind2=" ">
    <subfield code="0">0</subfield>
    <subfield code="1">0</subfield>
    <subfield code="2">ddc</subfield>
    <subfield code="4">0</subfield>
    <subfield code="6">FOR_MAO_2007_000000000000000_B133_OR_4</subfield>
    <subfield code="7">0</subfield>
    <subfield code="9">15999</subfield>
    <subfield code="a">LBB</subfield>
    <subfield code="b">LBB</subfield>
    <subfield code="c">B133</subfield>
    <subfield code="d">2015-11-13</subfield>
    <subfield code="l">1</subfield>
    <subfield code="o">FOR MAO 2007 B133 Or.4</subfield>
    <subfield code="p">RUA41613</subfield>
    <subfield code="r">2024-05-08</subfield>
    <subfield code="s">2024-03-27</subfield>
    <subfield code="w">2015-11-13</subfield>
    <subfield code="y">FOR</subfield>
  </datafield>
  <datafield tag="952" ind1=" " ind2=" ">
    <subfield code="0">0</subfield>
    <subfield code="1">0</subfield>
    <subfield code="2">ddc</subfield>
    <subfield code="4">0</subfield>
    <subfield code="6">FOR_MAO_2007_000000000000000_B133_OR_5</subfield>
    <subfield code="7">0</subfield>
    <subfield code="9">16000</subfield>
    <subfield code="a">LBB</subfield>
    <subfield code="b">LBB</subfield>
    <subfield code="c">B133</subfield>
    <subfield code="d">2015-11-13</subfield>
    <subfield code="o">FOR MAO 2007 B133 Or.5</subfield>
    <subfield code="p">RUA41884</subfield>
    <subfield code="r">2015-11-13</subfield>
    <subfield code="w">2015-11-13</subfield>
    <subfield code="y">FOR</subfield>
  </datafield>
  <datafield tag="952" ind1=" " ind2=" ">
    <subfield code="0">0</subfield>
    <subfield code="1">0</subfield>
    <subfield code="2">ddc</subfield>
    <subfield code="4">0</subfield>
    <subfield code="6">FOR_MAO_2007_000000000000000_B133_OR_6</subfield>
    <subfield code="7">0</subfield>
    <subfield code="9">16001</subfield>
    <subfield code="a">LBB</subfield>
    <subfield code="b">LBB</subfield>
    <subfield code="c">B133</subfield>
    <subfield code="d">2015-11-13</subfield>
    <subfield code="o">FOR MAO 2007 B133 Or.6</subfield>
    <subfield code="p">RUA41667</subfield>
    <subfield code="r">2015-11-13</subfield>
    <subfield code="w">2015-11-13</subfield>
    <subfield code="y">FOR</subfield>
  </datafield>
</record>
